Nada / (Record no. 187578)

MARC details
000 -LEADER
campo de control de longitud fija 00743nam a2200217 i 4500
001 - NÚMERO DE CONTROL
campo de control 187578
003 - IDENTIFICADOR DE NÚMERO DE CONTROL
campo de control ES-MaACL
005 - FECHA Y HORA DE LA ÚLTIMA TRANSACCIÓN
campo de control 20231218203531.0
008 - DATOS DE LONGITUD FIJA--INFORMACIÓN GENERAL
campo de control de longitud fija 171130s2016 sp 001 fdspa
020 ## - NÚMERO INTERNACIONAL ESTÁNDAR DEL LIBRO
Número Internacional Estándar del Libro 978-84-672-6790-7
080 ## - NÚMERO DE LA CLASIFICACIÓN DECIMAL UNIVERSAL
Número de la Clasificación Decimal Universal 821.134.2-31"19"
100 1# - ENTRADA PRINCIPAL--NOMBRE DE PERSONA
Nombre de persona Laforet, Carmen,
Fechas asociadas al nombre 1921-2004
9 (RLIN) 69515
245 10 - MENCIÓN DEL TÍTULO
Título Nada /
Mención de responsabilidad, etc. Carmen Laforet.
260 ## - PUBLICACIÓN, DISTRIBUCIÓN, ETC.
Lugar de publicación, distribución, etc. Barcelona :
Nombre del editor, distribuidor, etc. Círculo de Lectores,
Fecha de publicación, distribución, etc. [2016]
300 ## - DESCRIPCIÓN FÍSICA
Extensión 276 p. ;
Dimensiones 22 cm +
Material acompañante/anejo 1 folleto (15 p.)
501 ## - NOTA DE CON
Nota de "Con" Acompañado de: Una escritora, una novela, una época. Carmen Laforet, Nada / edición de Ana Cabello.
700 1# - ENTRADA AGREGADA--NOMBRE PERSONAL
Nombre de persona Cabello, Ana.
9 (RLIN) 164002
852 ## - LOCALIZACIÓN
Ubicación ES-MaACL
Número de control de estantería A-14098
itemnumber 194664
Sublocalización o colección R.151471
Ubicación en estantería Depósito 1
Signatura antigua Olim: N-7098
942 ## - ELEMENTOS DE ENTRADA SECUNDARIOS (KOHA)
Fuente del sistema de clasificación o colocación Clasificación decimal universal
Tipo de ítem Koha Libro impreso
Holdings
Estatus retirado Estado de pérdida Fuente del sistema de clasificación o colocación Estado de daño No para préstamo Biblioteca de origen Biblioteca actual Ubicación en estantería Fecha de adquisición Fuente de adquisición Total de préstamos Signatura topográfica completa Código de barras Visto por última vez Precio de reemplazo Tipo de ítem Koha
    Clasificación decimal universal     Biblioteca del Ateneo de Madrid Biblioteca del Ateneo de Madrid Depósito 1 30/11/2017 Donación   A-14098 1198126 23/02/2023 23/02/2023 Libro impreso